[Event "27th Capablanca Memorial"]
[Site "Matanzas City CUB"]
[Date "1992.??.??"]
[Round "10"]
[White "Sisniega Campbell, Marcel"]
[Black "Amura, Claudia"]
[Result "1-0"]
[WhiteElo "2525"]
[BlackElo "2355"]
[EventDate "1992.05.??"]
[PlyCount "81"]

1.e4 c5 2.Nf3 Nc6 3.d4 cxd4 4.Nxd4 Nf6 5.Nc3 e5 6.Ndb5 d6 7.Nd5 Nxd5 8.
exd5 Ne7 9.c4 Ng6 10.a4 Be7 11.a5 O-O 12.Be3 a6 13.Bb6 Qd7 14.Nc3 f5 15.b4
Bf6 16.c5 e4 17.Rc1 Re8 18.cxd6 Qxd6 19.Bc5 Qe5 20.Bc4 f4 21.O-O Qg5 22.
d6+ Kh8 23.d7 Bxd7 24.Qxd7 f3 25.Qh3 Nf4 26.Qg3 fxg2 27.Rfe1 Qf5 28.Bd6 g5
29.Rcd1 h5 30.Nd5 h4 31.Ne3 hxg3 32.Nxf5 gxf2+ 33.Kxf2 Rac8 34.Bc5 Rc7 35.
Ne3 Bc3 36.Bd4+ Bxd4 37.Rxd4 Rf8 38.Kg1 Rh7 39.Rxe4 Rh4 40.Nd5 Rg4 41.Nxf4
1-0

[Event "27th Capablanca Memorial"]
[Site "Matanzas City CUB"]
[Date "1992.??.??"]
[Round "10"]
[White "Urday Caceres, Henry"]
[Black "Lima, Darcy"]
[Result "1/2-1/2"]
[WhiteElo "2480"]
[BlackElo "2440"]
[EventDate "1992.05.??"]
[PlyCount "109"]

1.d4 d5 2.c4 dxc4 3.Nc3 c5 4.e3 cxd4 5.exd4 Qc7 6.Nf3 Nf6 7.Ne5 e6 8.Bxc4 
Be7 9.O-O O-O 10.Bf4 Qd8 11.Rc1 Nbd7 12.d5 Nb6 13.dxe6 Bxe6 14.Bxe6 fxe6 
15.Qe2 Nfd5 16.Bd2 Kh8 17.Nf3 Qd7 18.Rfe1 Bf6 19.Qxe6 Qxe6 20.Rxe6 Bxc3 
21.Bxc3 Rac8 22.Bd2 Nc4 23.Bc3 Ncb6 24.Re5 Nxc3 25.Rxc3 Rxc3 26.bxc3 Rc8 
27.Re7 Nd5 28.Rxb7 Nxc3 29.h4 Nxa2 30.Rxa7 Nc3 31.Ng5 Ne2+ 32.Kh2 Nd4 33.
Rd7 Nf5 34.Kh3 h5 35.Ne6 g6 36.Nf4 Rc6 37.g3 Kg8 38.Kg2 Kf8 39.Kf3 Ne7 40.
Ke4 Rc2 41.Ke5 Ke8 42.Rb7 Rxf2 43.Ke6 Nc6 44.Rg7 Nd4+ 45.Ke5 g5 46.hxg5 h4
47.gxh4 Rxf4 48.h5 Rh4 49.h6 Nf3+ 50.Kf6 Rf4+ 51.Kg6 Kf8 52.Ra7 Ne5+ 53.
Kh7 Rf7+ 54.Rxf7+ Kxf7 55.g6+ 1/2-1/2

[Event "27th Capablanca Memorial"]
[Site "Matanzas City CUB"]
[Date "1992.??.??"]
[Round "10"]
[White "Rodriguez Cespedes, Amador"]
[Black "Gonzalez Bautista, Juan"]
[Result "1-0"]
[WhiteElo "2495"]
[BlackElo "2380"]
[EventDate "1992.05.??"]
[PlyCount "80"]

1.e4 c5 2.Nf3 e6 3.d4 cxd4 4.Nxd4 a6 5.Bd3 Bc5 6.Nb3 Ba7 7.Qe2 Nc6 8.Be3 
Nf6 9.Nc3 d6 10.f4 b5 11.O-O e5 12.Bxa7 Rxa7 13.a4 b4 14.Nd5 exf4 15.Rxf4 
Nd7 16.Qf2 Nde5 17.Nxb4 Qc7 18.Nxc6 Nxc6 19.Nd4 Ne5 20.Bb5+ Kf8 21.Be2 g6 
22.Ra3 Kg7 23.Rc3 Qb8 24.Nc6 Qxb2 25.Qxa7 Qa1+ 26.Rf1 Qxc3 27.Nxe5 dxe5 
28.Rxf7+ Kh6 29.Qf2 Qd4 30.Qxd4 exd4 31.Kf2 Re8 32.Rc7 a5 33.Bd3 Rd8 34.
Rc5 Bb7 35.Rxa5 Re8 36.Kf3 Rf8+ 37.Kg3 Re8 38.e5 Bc6 39.Bc4 Be4 40.Bd3 Bc6
1-0

[Event "27th Capablanca Memorial"]
[Site "Matanzas City CUB"]
[Date "1992.??.??"]
[Round "10"]
[White "Rivera, Alberto"]
[Black "Gonzalez Rodriguez, Jorge"]
[Result "1-0"]
[WhiteElo "2425"]
[BlackElo "2420"]
[EventDate "1992.05.??"]
[PlyCount "57"]

1.d4 c5 2.d5 e5 3.e4 d6 4.Nc3 g6 5.Be2 h5 6.Nf3 h4 7.a4 Bh6 8.Bxh6 Nxh6 9.
Nd2 f5 10.Nc4 Nf7 11.Qd2 Nd7 12.Qe3 f4 13.Qd2 h3 14.g3 g5 15.a5 Nf6 16.Qd3
Bd7 17.Nb1 Ke7 18.Nbd2 Qc7 19.Qa3 Rab8 20.c3 b5 21.axb6 axb6 22.b4 b5 23.
bxc5 bxc4 24.c6 fxg3 25.fxg3 Bg4 26.Bxg4 Nxg4 27.Nxc4 Rb5 28.O-O Nf6 29.
Qa7 1-0

[Event "27th Capablanca Memorial"]
[Site "Matanzas City CUB"]
[Date "1992.??.??"]
[Round "11"]
[White "Lima, Darcy"]
[Black "Becerra Rivero, Julio"]
[Result "0-1"]
[WhiteElo "2440"]
[BlackElo "2370"]
[EventDate "1992.05.??"]
[PlyCount "131"]

1.d4 Nf6 2.c4 g6 3.Nc3 Bg7 4.e4 d6 5.Nf3 O-O 6.h3 e5 7.d5 Na6 8.g4 h5 9.
Nh2 Nc5 10.Bg5 Qd7 11.f3 Nh7 12.Be3 Bf6 13.b4 Na6 14.a3 Bh4+ 15.Kd2 Qe7 
16.Kc2 Bd7 17.Qd2 f5 18.Bd3 Kh8 19.Rhg1 hxg4 20.hxg4 f4 21.Bf2 Kg7 22.Nf1 
Rh8 23.Bxh4 Qxh4 24.Rg2 Qe7 25.Qf2 Ng5 26.Nd2 c5 27.Kb3 Rh3 28.Nb5 b6 29.
Rf1 Rah8 30.Qe1 Bc8 31.Be2 R8h4 32.Nc3 Bd7 33.Rfg1 Kf6 34.Nb5 Rh8 35.Rf1 
Bc8 36.Nc3 R8h7 37.Nb5 Qd8 38.Rfg1 Nb8 39.Qf2 Rb7 40.Qe1 a6 41.Nc3 cxb4 
42.axb4 a5 43.Nb5 Na6 44.bxa5 bxa5 45.Rh1 Rbh7 46.Rxh3 Rxh3 47.Qf2 Nc5+ 
48.Kc2 a4 49.Rh2 Rxh2 50.Qxh2 Ba6 51.Qg1 Qa5 52.Nxd6 a3 53.Nb3 Nxb3 54.
Kxb3 a2 55.Qa1 Qb6+ 56.Kxa2 Qxd6 57.Kb3 Qb6+ 58.Kc2 Bxc4 59.Bxc4 Nxf3 60.
Qa8 Kg5 61.Qf8 Qf2+ 62.Kb3 Nd2+ 63.Kb4 Qb6+ 64.Bb5 Nxe4 65.Qe7+ Qf6 66.Qc7
0-1

[Event "27th Capablanca Memorial"]
[Site "Matanzas City CUB"]
[Date "1992.??.??"]
[Round "11"]
[White "Diaz Diaz, Joaquin"]
[Black "Sisniega Campbell, Marcel"]
[Result "0-1"]
[WhiteElo "2455"]
[BlackElo "2525"]
[EventDate "1992.05.??"]
[PlyCount "54"]

1.e4 e5 2.Nf3 Nc6 3.Bb5 a6 4.Ba4 Nf6 5.O-O Be7 6.Qe2 b5 7.Bb3 d6 8.c3 O-O 
9.d4 Bg4 10.Rd1 exd4 11.cxd4 d5 12.e5 Ne4 13.Nc3 Nxc3 14.bxc3 Qd7 15.h3 
Bf5 16.g4 Bg6 17.Bg5 f6 18.exf6 gxf6 19.Bh6 Rfe8 20.Nh4 Bf8 21.Qf3 Be4 22.
Qxf6 Re6 23.Qg5+ Kh8 24.Bxf8 Rxf8 25.Re1 Qd6 26.Rac1 Ref6 27.Qe3 Rf3 0-1

[Event "27th Capablanca Memorial"]
[Site "Matanzas City CUB"]
[Date "1992.??.??"]
[Round "11"]
[White "Nogueiras Santiago, Jesus"]
[Black "Rodriguez Cespedes, Amador"]
[Result "0-1"]
[WhiteElo "2550"]
[BlackElo "2495"]
[EventDate "1992.05.??"]
[PlyCount "68"]

1.e4 c5 2.Nf3 d6 3.d4 cxd4 4.Nxd4 Nf6 5.Nc3 Nc6 6.Bg5 e6 7.Qd2 a6 8.O-O-O 
Bd7 9.f4 Qc7 10.Be2 Be7 11.Nb3 b5 12.Bf3 Rc8 13.Kb1 b4 14.Ne2 a5 15.Bxf6 
gxf6 16.Nbc1 Qb6 17.Nd3 a4 18.b3 O-O 19.Nb2 Na5 20.Qd4 Qb8 21.Nd3 Nc6 22.
Qe3 Rc7 23.Rd2 Rfc8 24.f5 Na7 25.Bh5 Nb5 26.Rc1 Bf8 27.Qg3+ Bg7 28.Ndf4 
axb3 29.axb3 Ra7 30.Bxf7+ Kxf7 31.fxe6+ Bxe6 32.Nxe6 Kxe6 33.Nd4+ Kf7 34.
Nxb5 Qxb5 0-1

[Event "27th Capablanca Memorial"]
[Site "Matanzas City CUB"]
[Date "1992.??.??"]
[Round "11"]
[White "Gonzalez Rodriguez, Jorge"]
[Black "Urday Caceres, Henry"]
[Result "0-1"]
[WhiteElo "2420"]
[BlackElo "2480"]
[EventDate "1992.05.??"]
[PlyCount "84"]

1.c4 Nf6 2.Nc3 e6 3.d4 Bb4 4.Bg5 h6 5.Bxf6 Qxf6 6.e3 c5 7.Ne2 Nc6 8.dxc5 
Bxc5 9.a3 Be7 10.Nf4 O-O 11.Be2 b6 12.O-O Rd8 13.Bf3 Bb7 14.Rc1 Rac8 15.
Qa4 a6 16.Rfd1 Qe5 17.b4 Qb8 18.Nd3 d6 19.Qb3 Rc7 20.Rc2 Rdc8 21.Rdc1 Bf8 
22.a4 Ne7 23.Bxb7 Qxb7 24.Nb2 Nf5 25.Ne2 g6 26.Nd4 Nxd4 27.exd4 d5 28.b5 
a5 29.Qe3 dxc4 30.Rxc4 h5 31.g3 Bd6 32.h4 Kg7 33.Rxc7 Rxc7 34.Nc4 Qc8 35.
Qd3 Bb4 36.Rc2 Qd8 37.Qe3 Rd7 38.d5 Rxd5 39.Nxb6 Rd1+ 40.Kg2 Re1 41.Rc8 
Qd1 42.Qf4 e5 0-1

[Event "27th Capablanca Memorial"]
[Site "Matanzas City CUB"]
[Date "1992.??.??"]
[Round "11"]
[White "Amura, Claudia"]
[Black "Pupo, Emilio"]
[Result "0-1"]
[WhiteElo "2355"]
[BlackElo "2395"]
[EventDate "1992.05.??"]
[PlyCount "121"]

1.d4 Nf6 2.c4 g6 3.Nc3 Bg7 4.e4 d6 5.Be2 O-O 6.Nf3 e5 7.O-O Nc6 8.d5 Ne7 
9.Nd2 a5 10.a3 Nd7 11.Rb1 f5 12.b4 Kh8 13.f3 Ng8 14.c5 axb4 15.axb4 dxc5 
16.bxc5 Nxc5 17.Nc4 fxe4 18.fxe4 Rxf1+ 19.Qxf1 Qe7 20.Qf3 Bd7 21.Ba3 Rf8 
22.Qe3 b6 23.Nxb6 cxb6 24.Rxb6 Bh6 25.Qxc5 Qg5 26.Kh1 Rc8 27.Rc6 Bxc6 28.
dxc6 Bf8 29.Qa5 Bxa3 30.Qxa3 Rxc6 31.Qa5 Qc1+ 32.Nd1 Qf4 33.Qd5 Qf6 34.g3 
Rd6 35.Qb3 Ne7 36.Qe3 Kg7 37.Kg2 Rb6 38.Qc3 Rc6 39.Qd2 Qd6 40.Qg5 Rc2 41.
Kf1 Qf6+ 42.Qxf6+ Kxf6 43.Ne3 Rc1+ 44.Kf2 Nc6 45.Bc4 Rb1 46.Bd5 Rb2+ 47.
Kg1 Nb4 48.Ng4+ Kg7 49.Nxe5 Nxd5 50.exd5 Rd2 51.Nf3 Rxd5 52.g4 Kf6 53.Kg2 
Ra5 54.Kg3 Ra3 55.Kf4 h6 56.g5+ hxg5+ 57.Nxg5 Ra4+ 58.Ne4+ Ke6 59.Kf3 Ke5 
60.Nf2 Kf5 61.Kg3 0-1

[Event "27th Capablanca Memorial"]
[Site "Matanzas City CUB"]
[Date "1992.??.??"]
[Round "11"]
[White "Hernandez, Gilberto"]
[Black "Rivera, Alberto"]
[Result "1-0"]
[WhiteElo "2495"]
[BlackElo "2425"]
[EventDate "1992.05.??"]
[PlyCount "81"]

1.d4 Nf6 2.Nf3 e6 3.g3 b6 4.Bg2 d5 5.O-O Bb7 6.c4 c6 7.Nbd2 Nbd7 8.Qc2 Qc8
9.e4 dxe4 10.Nxe4 Be7 11.Bg5 a6 12.Bxf6 Nxf6 13.Nxf6+ Bxf6 14.b4 O-O 15.c5
Rd8 16.Rfd1 Qc7 17.Rab1 b5 18.Qe4 Rd5 19.Qe3 a5 20.a3 Ra6 21.h4 Bc8 22.Nh2
Rd8 23.Ng4 Be7 24.Ne5 Bd7 25.Bf1 axb4 26.axb4 Be8 27.Bd3 Ra2 28.Ra1 Rda8 
29.Rxa2 Rxa2 30.Bb1 Ra8 31.Qd3 Kf8 32.Qxh7 Bf6 33.Ng4 Ke7 34.Be4 Ra4 35.
Nxf6 gxf6 36.Qh6 Rxb4 37.h5 Qd8 38.Qd2 Ra4 39.h6 f5 40.h7 Bd7 41.Qg5+ 1-0

[Event "27th Capablanca Memorial"]
[Site "Matanzas City CUB"]
[Date "1992.??.??"]
[Round "12"]
[White "Rivera, Alberto"]
[Black "Gonzalez Bautista, Juan"]
[Result "1/2-1/2"]
[WhiteElo "2425"]
[BlackElo "2380"]
[EventDate "1992.05.??"]
[PlyCount "21"]

1.d4 Nf6 2.c4 e6 3.Nc3 Bb4 4.Nf3 c5 5.e3 O-O 6.Bd3 Nc6 7.O-O Bxc3 8.bxc3 
d6 9.d5 Ne7 10.e4 e5 11.Nh4 1/2-1/2

[Event "27th Capablanca Memorial"]
[Site "Matanzas City CUB"]
[Date "1992.??.??"]
[Round "12"]
[White "Urday Caceres, Henry"]
[Black "Becerra Rivero, Julio"]
[Result "1-0"]
[WhiteElo "2480"]
[BlackElo "2370"]
[EventDate "1992.05.??"]
[PlyCount "75"]

1.d4 Nf6 2.c4 g6 3.Nc3 Bg7 4.e4 d6 5.Nf3 O-O 6.Be2 e5 7.Be3 exd4 8.Nxd4 
Re8 9.f3 c6 10.Qd2 d5 11.exd5 cxd5 12.O-O Nc6 13.c5 Qe7 14.Bf2 Nxd4 15.
Bxd4 a6 16.Rfe1 Be6 17.b4 Red8 18.Na4 Nh5 19.Nb6 Rab8 20.Rad1 Bxd4+ 21.
Qxd4 Qg5 22.Bf1 Nf4 23.Kh1 h5 24.g3 Nh3 25.Rxe6 fxe6 26.Bxh3 e5 27.Qd3 e4 
28.Qd4 exf3 29.Nxd5 Kh7 30.Bf1 Rf8 31.Nf4 Rbe8 32.Qf2 h4 33.Qxf3 hxg3 34.
hxg3 Rd8 35.Bd3 Rf6 36.Kg2 Kg7 37.Qxb7+ Kf8 38.Rh1 1-0

[Event "27th Capablanca Memorial"]
[Site "Matanzas City CUB"]
[Date "1992.??.??"]
[Round "12"]
[White "Sisniega Campbell, Marcel"]
[Black "Lima, Darcy"]
[Result "1/2-1/2"]
[WhiteElo "2525"]
[BlackElo "2440"]
[EventDate "1992.05.??"]
[PlyCount "97"]

1.c4 c6 2.Nf3 d5 3.e3 Nf6 4.b3 g6 5.Bb2 Bg7 6.d4 O-O 7.Nbd2 Nbd7 8.Be2 b6 
9.O-O Bb7 10.b4 e6 11.c5 Qe7 12.Qc2 e5 13.dxe5 Ng4 14.Bd4 Ngxe5 15.Nxe5 
Bxe5 16.Nf3 Bxd4 17.exd4 a5 18.Rfe1 Qd8 19.a3 axb4 20.axb4 Qc7 21.Qd2 Rfe8
22.Rxa8 Bxa8 23.Bd3 Rxe1+ 24.Qxe1 Qd8 25.h4 Bb7 26.Qe3 Nf8 27.g3 b5 28.Ne5
f6 29.Nf3 Bc8 30.Kg2 Kg7 31.Ng1 Qd7 32.f3 Qe6 33.Kf2 Qxe3+ 34.Kxe3 h6 35.
Ne2 g5 36.hxg5 hxg5 37.Nc3 Bd7 38.Bxb5 cxb5 39.Nxd5 Kf7 40.Nc3 Ng6 41.d5 
Ne7 42.Ke4 Kg6 43.Nd1 g4 44.fxg4 Bxg4 45.Ne3 Bd7 46.Kf4 Kf7 47.c6 Bxc6 48.
dxc6 Nxc6 49.Nc2 1/2-1/2

[Event "27th Capablanca Memorial"]
[Site "Matanzas City CUB"]
[Date "1992.??.??"]
[Round "12"]
[White "Rodriguez Cespedes, Amador"]
[Black "Amura, Claudia"]
[Result "1/2-1/2"]
[WhiteElo "2495"]
[BlackElo "2355"]
[EventDate "1992.05.??"]
[PlyCount "71"]

1.e4 c5 2.Nf3 Nc6 3.Bb5 e6 4.O-O Nge7 5.Re1 a6 6.Bf1 d5 7.exd5 Nxd5 8.d4 
Be7 9.dxc5 Bxc5 10.c4 Nde7 11.Qxd8+ Nxd8 12.Nc3 Bd7 13.Ne5 Bc6 14.Nxc6 
Ndxc6 15.Ne4 Bb4 16.Rd1 Nf5 17.a3 Be7 18.b4 O-O 19.Rd7 Rab8 20.Bb2 Rfd8 
21.Rad1 Kf8 22.c5 Ke8 23.Rxd8+ Rxd8 24.Rxd8+ Kxd8 25.f4 h5 26.Kf2 Kc7 27.
g3 g6 28.h3 b5 29.cxb6+ Kxb6 30.Nf6 a5 31.g4 hxg4 32.hxg4 axb4 33.axb4 
Nfd4 34.Bxd4+ Nxd4 35.Nd7+ Kc7 36.Ne5 1/2-1/2

[Event "27th Capablanca Memorial"]
[Site "Matanzas City CUB"]
[Date "1992.??.??"]
[Round "12"]
[White "Calderin, Roberto"]
[Black "Nogueiras Santiago, Jesus"]
[Result "1/2-1/2"]
[WhiteElo "2415"]
[BlackElo "2550"]
[EventDate "1992.05.??"]
[PlyCount "20"]

1.d4 Nf6 2.Bg5 e6 3.e4 h6 4.Bxf6 Qxf6 5.Nf3 d6 6.Nc3 Nd7 7.Qd2 Qd8 8.d5 e5
9.a4 Be7 10.a5 a6 1/2-1/2

[Event "27th Capablanca Memorial"]
[Site "Matanzas City CUB"]
[Date "1992.??.??"]
[Round "12"]
[White "Pupo, Emilio"]
[Black "Diaz Diaz, Joaquin"]
[Result "1-0"]
[WhiteElo "2395"]
[BlackElo "2455"]
[EventDate "1992.05.??"]
[PlyCount "73"]

1.e4 e5 2.Nf3 Nc6 3.Bb5 Nge7 4.O-O g6 5.c3 Bg7 6.d4 d6 7.d5 a6 8.Ba4 b5 9.
Bc2 Na5 10.a4 Bd7 11.Na3 c5 12.dxc6 Bxc6 13.b4 Nb7 14.Bg5 f6 15.Bd2 O-O 
16.axb5 axb5 17.Qe2 d5 18.Nxb5 Qd7 19.Na7 dxe4 20.Nxc6 exf3 21.Nxe7+ Qxe7 
22.Qxf3 f5 23.Rxa8 Rxa8 24.c4 Rd8 25.Rd1 e4 26.Qe2 Nd6 27.c5 Nf7 28.Bb3 
Kh8 29.Bxf7 Qxf7 30.Bg5 Rxd1+ 31.Qxd1 h6 32.Bd2 Kh7 33.Qc1 Be5 34.Qc2 Qc7 
35.g3 Qc6 36.Bc3 Bb8 37.Qd1 1-0

[Event "27th Capablanca Memorial"]
[Site "Matanzas City CUB"]
[Date "1992.??.??"]
[Round "13"]
[White "Amura, Claudia"]
[Black "Calderin, Roberto"]
[Result "1-0"]
[WhiteElo "2355"]
[BlackElo "2415"]
[EventDate "1992.05.??"]
[PlyCount "135"]

1.d4 g6 2.e4 Bg7 3.Nc3 d6 4.Be2 Nc6 5.d5 Nd4 6.Be3 c5 7.dxc6 Nxc6 8.Nf3 
Nf6 9.h3 O-O 10.Qd2 a6 11.a4 Bd7 12.O-O Rc8 13.Nh2 Na5 14.f3 Nc4 15.Bxc4 
Rxc4 16.a5 Qc7 17.Bb6 Qc8 18.Rf2 Be6 19.Be3 Qc6 20.Nd1 Rc8 21.Rc1 Ra4 22.
b3 Ra2 23.Qe1 Qb5 24.b4 Qa4 25.c3 Ra1 26.Nb2 Rxc1 27.Qxc1 Qa3 28.Rc2 Nd7 
29.Bd2 Bb3 30.Nd3 Qa4 31.Rb2 Bc4 32.Nf2 Bb5 33.Nhg4 Qa3 34.Rc2 Qb3 35.Ne3 
e6 36.Rb2 Qa4 37.Qc2 Ne5 38.Qxa4 Bxa4 39.Rb1 f5 40.Rc1 Bb5 41.f4 Nc4 42.
Nxc4 Rxc4 43.exf5 gxf5 44.g3 Kf7 45.Nd1 Re4 46.Be3 e5 47.Kf2 h5 48.h4 Ke6 
49.Rc2 Bf6 50.Rd2 Rc4 51.fxe5 dxe5 52.Bc5 f4 53.Rd6+ Kf5 54.Kg2 Bc6+ 55.
Kh3 Bf3 56.gxf4 exf4 57.Nf2 Rxc3 58.Rxf6+ Kxf6 59.Bd4+ Ke6 60.Bxc3 Kd5 61.
Bd2 Kc4 62.Bxf4 Kxb4 63.Bc7 b5 64.axb6 a5 65.Kg3 Bb7 66.Nd3+ Kb5 67.Nf4 
Ka6 68.Ne6 1-0

[Event "27th Capablanca Memorial"]
[Site "Matanzas City CUB"]
[Date "1992.??.??"]
[Round "13"]
[White "Diaz Diaz, Joaquin"]
[Black "Rodriguez Cespedes, Amador"]
[Result "1/2-1/2"]
[WhiteElo "2455"]
[BlackElo "2495"]
[EventDate "1992.05.??"]
[PlyCount "20"]

1.e4 e5 2.Nf3 Nc6 3.Bb5 a6 4.Ba4 Nf6 5.O-O Be7 6.Bxc6 dxc6 7.Qe1 c5 8.Nxe5
Qd4 9.Nf3 Qxe4 10.Qxe4 Nxe4 1/2-1/2

[Event "27th Capablanca Memorial"]
[Site "Matanzas City CUB"]
[Date "1992.??.??"]
[Round "13"]
[White "Lima, Darcy"]
[Black "Pupo, Emilio"]
[Result "1/2-1/2"]
[WhiteElo "2440"]
[BlackElo "2395"]
[EventDate "1992.05.??"]
[PlyCount "27"]

1.d4 Nf6 2.c4 g6 3.Nc3 Bg7 4.e4 d6 5.Nf3 O-O 6.h3 e5 7.d5 Na6 8.g4 Nc5 9.
Qc2 a5 10.Be2 c6 11.Be3 cxd5 12.exd5 Ne8 13.O-O-O f5 14.Nd2 1/2-1/2

[Event "27th Capablanca Memorial"]
[Site "Matanzas City CUB"]
[Date "1992.??.??"]
[Round "13"]
[White "Nogueiras Santiago, Jesus"]
[Black "Rivera, Alberto"]
[Result "1-0"]
[WhiteElo "2550"]
[BlackElo "2425"]
[EventDate "1992.05.??"]
[PlyCount "73"]

1.d4 c5 2.d5 e5 3.e4 d6 4.Nf3 g6 5.Nc3 Bh6 6.Bxh6 Nxh6 7.Qc1 Ng8 8.Bb5+ 
Kf8 9.a4 Kg7 10.O-O Nf6 11.Nd2 Nh5 12.g3 Bh3 13.Re1 Nd7 14.Be2 Ndf6 15.Nc4
Qe7 16.Ra3 Rad8 17.a5 h6 18.Rb3 Rhf8 19.Qd1 Kh7 20.Nb1 Bc8 21.Nbd2 Ng7 22.
Re3 Nfh5 23.Bxh5 Nxh5 24.b4 cxb4 25.Qb1 Qg5 26.Qxb4 Nf4 27.Nxd6 Nh3+ 28.
Kg2 Qe7 29.N2c4 f5 30.Rb3 fxe4 31.Nxc8 Rxf2+ 32.Kxh3 Qd7+ 33.g4 Rxc8 34.
Nxe5 Qg7 35.Qxe4 Re8 36.d6 Qf6 37.Rxb7+ 1-0